000
00344pab a2200145 454500
008
180718b1984 xxu||||| |||| 00| 0 eng d
100
_a
Mahanta, J.
245
_a
Police hierarchy and personality
260
_c
1984
300
_a
1-2
362
_a
Oct.-Dec.
650
_a
Police
773
_a
Police Research and Development
909
_a
15094
999
_c
15094
_d
15094